| 000 | 01088nam a22003137a 4500 | ||
|---|---|---|---|
| 003 | CHAP | ||
| 005 | 20220817041738.0 | ||
| 008 | 971013s1993 r 00010 d | ||
| 010 | _a23150 | ||
| 011 | _a24122 | ||
| 035 | _a28221 | ||
| 040 | _cCHAP | ||
| 090 | _aFolleto 14363 | ||
| 100 | 0 | 0 |
_aKlein, Lawrence Robert. _963436 |
| 245 | _aPredicciones del modelo global link, comportamiento de los bloques económicos y perspectivas de la economía mexicana | ||
| 260 |
_aMéxico, D.F. : _bAcademia Mexicana de Ingeniería, _c1993 |
||
| 300 | _a57 p. | ||
| 490 | _aCiclo de conferencias debate enero, 1993 | ||
| 590 |
_aBATCH-UPD _b10 _c20130110 _lUCH01 _h0039 |
||
| 590 |
_aBATCH-UPD _b10 _c20130110 _lUCH01 _h1642 |
||
| 590 |
_aBATCH-UPD _b10 _c20130410 _lUCH01 _h1033 |
||
| 590 |
_aBATCH-UPD _b10 _c20130914 _lUCH01 _h1708 |
||
| 590 |
_aCONVERSION _b10 _c20130109 _lUCH01 _h1314 |
||
| 650 | 1 | 4 |
_aMéxico _xCondiciones económicas. |
| 830 | 0 |
_aCiclo de conferencias debate enero, 1993 _923054 |
|
| 901 | _aBK | ||
| 942 | _cFOLL | ||
| 949 |
_aFolleto 14363 _bBC _cFOLL _d-65068 _eTS1 _i28221 _si |
||
| 999 |
_c23150 _d23150 |
||